Statistics for Taylor Swift songs

Click here to take the quiz!

General Stats

  • This quiz has been taken 1,012 times
  • The average score is 4 of 14

Answer Stats

HintAnswer% Correct
a colourred
99%
a numbertwenty two
80%
another word for evil that starts with mmean
59%
a colour then an animalwhite horse
54%
five wordsi knew you were trouble
29%
two wordslove story
27%
four wordsyou belong with me
26%
two wordsour song
15%
six wordswe are never getting back together
15%
three wordspicture to burn
12%
a wordbreathe
9%
three wordseverything has changed
8%
four wordshalf of my heart
4%
three wordsboth of us
3%

Score Distribution

Percentile by Number Answered

Percent of People with Each Score

Your Score History

You have not taken this quiz